[Event "Satka Autumn 2020"]
[Site "Satka"]
[Date "2020.10.26"]
[Round "6.10"]
[White "Vanishvili, Mari"]
[Black "Smirnova, Ekaterina"]
[Result "0-1"]
[WhiteElo "1878"]
[BlackElo "2282"]
[Annotator "TA"]
[PlyCount "120"]
[EventDate "2020.10.21"]
[EventType "swiss"]
[EventCountry "RUS"]
[SourceTitle "playchess.com"]
[Source "ChessBase"]
[SourceQuality "1"]

{[%evp 12,120,-2,-22,-25,-38,-41,-46,-41,-36,-34,-31,-40,-51,-58,-57,-56,-69,-69,-126,-130,-163,-158,-165,-177,-184,-173,-170,-179,-168,-150,-166,-172,-163,-159,-174,-169,-222,-213,-209,-182,-206,-164,-256,-254,-247,-249,-240,-142,-148,-119,-111,-104,-120,-54,-168,-179,-247,-235,-255,-237,-236,-226,-315,-302,-357,-318,-378,-372,-490,-478,-372,-304,-522,-520,-520,-522,-518,-507,-520,-517,-508,-466,-700,-362,-662,-662,-1038,-517,-1037,-965,-830,0,-568,-566,-541,-507,-509,-507,-439,-468,-1093,-1090,-1039,-1014,-943,-837,-6307,-6187,-29973,-5642]} 1. f4 d5 2. Nf3 g6 3. g3 Bg7 4. Bg2 Nf6 5. O-O O-O 6. d3 Nc6 7. Nc3 d4 {[#] A03: Bird's Opening with 1...d5.} 8. Nb5 $146 ({Predecessor:} 8. Ne4 Nd5 9. Bd2 f5 10. Nc5 Qd6 11. Nb3 a5 12. a4 h6 13. Qc1 Kh7 14. c3 dxc3 15. bxc3 e5 {½-½ (15) Talla,V (2413)-Savchenko,S (2532) Legnica 2006}) 8... Nd5 9. Na3 e5 {Black is slightly better.} 10. fxe5 Nxe5 11. Nxe5 Bxe5 12. Nc4 Bg7 13. e4 dxe3 $1 14. Qf3 c6 15. Rb1 (15. Nxe3 $15 Be6 16. c3) 15... Be6 $17 16. a3 Re8 17. Re1 Qd7 {Hoping for ...Bg4.} 18. Nxe3 Nxe3 19. Bxe3 {[#]} Ba2 $1 {[%cal Ra2b1]} 20. Rbd1 Bd5 21. Qf2 Bxg2 ({Much less strong is} 21... Bxb2 22. Bxd5 cxd5 23. Bxa7 $15) 22. Kxg2 Bxb2 23. c4 Bg7 24. d4 (24. Qf3 $142) 24... Re4 $19 25. d5 Rxc4 26. d6 Re4 27. Bg5 (27. Bc5 $142 Re5 28. Rxe5 Bxe5 29. Qe3) 27... Rxe1 28. Qxe1 {and if Qe7 works, White does fine.} Re8 29. Qf2 h6 ({Better is} 29... Bf8 $19 30. Bf4 {[#]} c5 $1 {[%mdl 512]}) 30. Be7 $17 Rxe7 31. dxe7 Qxe7 {[%mdl 4096] Endgame KQR-KQB} 32. Rd3 b6 ({Black should play} 32... c5 $17 {Threatens to win with ...Bd4.} 33. Qe3 Kf8) 33. Qd2 ({White should try} 33. Qe3 $15 Kf8 34. Qd2 Qe4+ 35. Kf2 Qf5+ 36. Rf3 Qc5+ 37. Kg2) 33... Qe4+ $19 34. Kf1 (34. Kh3 {was necessary.}) 34... Qh1+ 35. Ke2 Qxh2+ 36. Kd1 Qh1+ 37. Kc2 Qe4 38. Kd1 c5 39. Rd8+ Kh7 40. Rd7 Qa4+ 41. Ke2 Qc4+ 42. Kf3 $2 (42. Qd3 {keeps fighting.} Qe6+ 43. Kf1) 42... Bd4 43. Qe2 Qb3+ 44. Kg2 a5 45. a4 Kg7 46. Qf3 Qe6 47. Rd8 (47. Rc7 $142) 47... Bf6 48. Rb8 $2 (48. Rd2) 48... c4 49. Qa3 Qe4+ (49... Qe2+ $142 50. Kh3 Qf1+ 51. Kh2 Qf2+ 52. Kh3 g5 53. Qf8+ Kg6 54. Qg8+ Bg7) 50. Kh2 (50. Qf3 $142 Qe6 51. Qf2) 50... Qe2+ 51. Kh1 Qe4+ 52. Kh2 $1 {White threatens Qf8+ and mate.} Bd4 53. Qf8+ Kf6 54. Qd8+ Kf5 55. Qd7+ Kg5 {( -> ...Qe2+)} 56. Re8 (56. Qxf7 $142 Be5 57. Rd8) 56... Qc2+ 57. Kh3 Qf5+ 58. Qxf5+ Kxf5 59. Rc8 c3 60. Rc7 Ke4 {Av CentiPawn Loss W=-100/B=-53. Weighted=-83/-54} (60... Bc5 $142 61. Rxf7+ Ke4 62. Kh2 c2 63. Rf1 Be3 64. Kg2 c1=Q 65. Rxc1 Bxc1 66. Kf2 Be3+ 67. Ke2 h5 68. Kd1 g5 69. Kc2 Bd4 70. Kb3 Kd3 71. Ka3 h4 72. gxh4 g4 73. Ka2 g3 74. Kb3 g2 75. Ka3 g1=Q 76. h5 Qc1+ 77. Kb3 Qb2#) 0-1

[Event "Satka Autumn 2020"]
[Site "Satka"]
[Date "2020.10.26"]
[Round "6.11"]
[White "Baranova, Elizaveta"]
[Black "Petrukhina, Olga"]
[Result "0-1"]
[WhiteElo "1794"]
[BlackElo "2109"]
[Annotator "TA"]
[PlyCount "118"]
[EventDate "2020.10.21"]
[EventType "swiss"]
[EventCountry "RUS"]
[SourceTitle "playchess.com"]
[Source "ChessBase"]
[SourceQuality "1"]

{[%evp 16,118,15,0,3,0,4,0,0,0,34,40,74,90,82,56,86,94,144,0,0,0,0,-391,0,0,19,-173,-170,-370,0,0,0,0,0,0,0,0,104,43,61,0,76,70,216,67,39,-136,-115,-135,0,0,255,265,283,256,476,303,285,163,283,272,333,203,234,116,104,91,183,93,76,-127,75,0,0,0,0,-145,-68,-97,-85,-132,-71,-293,-135,-207,-205,-662,-618,-1366,-1285,-1308,-831,-1886,-1311,-7641,-6640,-29990,-29991,-29993,-29993,-29993,-29994,-29996,-29993]} 1. e4 c6 2. d4 d5 3. Nc3 dxe4 4. Nxe4 Nf6 5. Nxf6+ exf6 6. Nf3 Bd6 7. Bd3 O-O 8. O-O Bg4 9. c3 Re8 {B15: Caro-Kann: 3 Nc3: 3...g6 and 3...dxe4 4 Nxe4 Nf6 5 Nxf6+ exf6.} 10. h3 Bh5 11. Qb3 {[#]} Bxf3 $146 {The position is equal.} ({Predecessor:} 11... Qb6 12. Nd2 Nd7 13. Nc4 Qxb3 14. axb3 Bc7 15. Bd2 Bg6 16. Bxg6 hxg6 17. b4 f5 {0-1 (39) Lillo Castany,V (2300)-Narciso Dublan,M (2530) Tossa de Mar 2010}) 12. Qxb7 Bc7 13. gxf3 (13. Qxa8 Qd6 $15) 13... Qd6 {[%csl Gc7][%cal Rd6h2]} 14. f4 Nd7 15. Be4 $1 {[%mdl 64] Deflection} Rxe4 16. Qxa8+ Nf8 17. f3 (17. Qxa7 $6 Qd7 $11) (17. Qc8 $1 $16) 17... Re2 $11 18. Qc8 c5 19. Rd1 $2 {[%mdl 8192]} (19. Rf2 $11 Rxf2 20. Kxf2 cxd4 21. Kg2) 19... Qd5 $2 (19... cxd4 $1 $19 20. cxd4 Qc6) 20. Rd2 $1 {[%cal Rd2e2]} Re7 21. Rd3 $2 (21. Rg2 $11 {and White has nothing to worry.}) 21... cxd4 $1 $19 22. b3 $2 (22. cxd4 Re1+ 23. Kf2) 22... Qa5 $2 (22... Qh5 $19 23. Qg4 Re1+ 24. Kh2 Qc5) 23. a4 $1 $11 Rd7 $40 {[%mdl 128] White needs to defend precisely.} 24. Qe8 Qf5 {[%mdl 64] Double Attack} 25. Rxd4 Rxd4 26. cxd4 {Hoping for Ba3.} Bb6 (26... Qxh3 $11 27. Qe2 Ne6) 27. Be3 ({White should play} 27. Ba3 $16 {[%csl Ga3][%cal Re8f8]} Bxd4+ 28. Kg2) 27... Qxh3 28. Qe4 ({White should try} 28. Qa8 $14) 28... Qg3+ (28... f5 $1 $11 29. Qd5 h5) 29. Kf1 $16 h5 (29... Qh3+ $1 $14 30. Ke2 Qh2+ 31. Bf2 f5) 30. Bf2 (30. f5 $1 $18) 30... Qh2 $14 31. Ke2 $2 (31. f5 $14 {keeps the upper hand.} Qh1+ 32. Bg1) 31... Ne6 $1 $17 {[%cal Re6d4]} 32. Rc1 Nxf4+ (32... g6 $17 {White must now prevent ...Bxd4.} 33. Rc4 Nxf4+ 34. Ke3 Bc7 $1 {[%mdl 512]}) 33. Kd1 $1 $11 {Intending Rc8+ and mate.} Ne6 $2 {[%mdl 8192]} (33... g5 $1 $11 {and Black stays safe.} 34. Rc8+ Kg7) 34. Rc8+ $18 Nd8 35. Be1 {a5 is the strong threat.} Qd6 $2 (35... Qh3 36. Ra8 Qd7) 36. d5 Qd7 37. Rc2 (37. Qc4 $142 {And now a5 would win.} Kh7 38. a5) 37... Nb7 (37... Ne6 $142) 38. Bb4 Bd8 39. Rd2 a5 40. Bc3 (40. Ba3 $18) 40... Nd6 $16 41. Qd3 h4 {[#]} (41... Bc7 $16) 42. Rh2 (42. Qa6 $1 $18) 42... g5 43. Qd2 $2 (43. Kc2 $16) 43... Qa7 $2 (43... Qf5 $17 {stays on course. aiming for ...Qb1+.} 44. Kc1 Qxf3) 44. Bd4 (44. Kc2 $16) 44... Qb7 $11 {[%mdl 64] Double Attack} 45. Kc2 Qxd5 46. f4 (46. Qd3 $11 {keeps the balance.}) 46... Qf5+ (46... Bc7 $17 {Threatens to win with ...Ne4.} 47. Qd3 Nf5 48. Bxf6 {[#]} Ne3+ $1 {[%mdl 512]} 49. Qxe3 Qf5+ {[%mdl 64] Double Attack} 50. Kb2 Qxf6+ 51. Qc3 Qxc3+ 52. Kxc3 Bxf4) 47. Kb2 $15 Ne4 48. Qc1 Qd5 (48... Kh7 $142 49. Re2 Ng3) 49. Be3 $2 (49. Qc4 $17 {is the only way for White.} Qxc4 50. bxc4) 49... Be7 (49... f5 $19 {has better winning chances.} 50. Qc4 Qd6) 50. Qc8+ (50. Qc4 $17 Qf5 51. Qb5) 50... Kg7 $19 51. Qg4 $2 (51. Qc4 Qf5 52. Re2) 51... f5 52. Qg1 {[%cal Rf4g5]} Bf6+ 53. Kc1 g4 54. Rg2 g3 55. Qe1 Qxb3 56. Qxa5 Qxe3+ {[%mdl 64] Double Attack. Black mates.} 57. Kb1 Qd3+ 58. Ka2 Nc3+ 59. Kb3 Ne2+ {A wild game. Av CentiPawn Loss W=-141/B=-94. Weighted=-177/-115} 0-1

[Event "Satka Autumn 2020"]
[Site "Satka"]
[Date "2020.10.26"]
[Round "6.12"]
[White "Shnayder, Violetta"]
[Black "Filippova, Margarita"]
[Result "1/2-1/2"]
[WhiteElo "1917"]
[BlackElo "1896"]
[Annotator "TA"]
[PlyCount "82"]
[EventDate "2020.10.21"]
[EventType "swiss"]
[EventCountry "RUS"]
[SourceTitle "playchess.com"]
[Source "ChessBase"]
[SourceQuality "1"]

{[%evp 9,82,-36,-24,-66,-61,-64,-62,-73,-56,-56,-6,-13,-5,-10,-12,-24,0,-31,-19,-19,-23,-29,0,-20,-14,-98,-112,-112,0,0,0,0,0,0,2,13,18,0,0,0,0,0,0,0,0,0,0,-4,0,0,0,0,0,-8,0,0,0,-3,-2,-31,-31,-31,-6,-6,-6,-7,-7,-41,-41,-46,-30,-30,-30,-30,-30]} 1. d4 d5 2. c4 e6 3. Nf3 dxc4 4. e4 b5 5. Be2 Bb7 6. e5 {D21: Queen's Gambit Accepted: 3 Nf3 sidelines.} Bb4+ 7. Nc3 Ne7 8. O-O {Black is slightly better.} Bxc3 9. bxc3 Nd5 10. Qc2 h6 11. a4 a6 {[#]} 12. Ba3 $146 ({Predecessor:} 12. Bd2 Nb6 13. Rfb1 Bc6 14. axb5 axb5 15. Rxa8 Nxa8 16. Bc1 O-O 17. Nd2 Nb6 18. Ne4 {½-½ (29) Zuferi,E (2290)-Maehrlein,C (2053) Heusenstamm 2019}) 12... Nd7 13. Rfb1 Bc6 14. Nd2 N7b6 15. axb5 axb5 16. Bf3 Ra4 17. Ne4 (17. Qb2 $11 {remains equal.}) 17... Qa8 $17 18. Qc1 Ra7 ({Black should try} 18... Ne7 $17 19. Bxe7 Bxe4 20. Bxe4 Qxe4) 19. Bc5 $11 Rxa1 20. Rxa1 Na4 21. Bd1 Ndb6 (21... Qd8 {with more complications.} 22. Bxa4 bxa4 23. Ba3 Qh4 24. f3 f5) 22. Bxb6 Bxe4 23. Bxa4 bxa4 24. Bxc7 Bxg2 {[#] Hoping for ...Bh3.} 25. Qa3 {aiming for Rb1.} Qc6 26. Qxa4 O-O {White must now prevent ...Qe4.} 27. Qxc6 Bxc6 {[%mdl 4096] Endgame KRB-KRB} 28. Bd6 Rc8 (28... Rd8 {feels hotter.} 29. Bb4 Kh7 30. Ra7 Kg6 31. Kf1 Bf3) 29. f4 Kh7 30. Kf2 Kg6 31. Ke3 Ra8 (31... f5 {is more complex.} 32. exf6 gxf6 33. Rg1+ Kf7 34. f5 exf5 35. Ra1 Re8+) 32. Rxa8 Bxa8 {KB-KB} 33. Be7 h5 34. Bd8 Kf5 35. Bg5 f6 36. exf6 gxf6 37. Bh4 Bd5 38. Be1 Kg4 39. h4 f5 40. Bf2 Kh3 41. Be1 Kg2 {Av CentiPawn Loss W=-8/B=-8. Weighted=-13/-7} 1/2-1/2

[Event "Satka Autumn 2020"]
[Site "Satka"]
[Date "2020.10.26"]
[Round "6.13"]
[White "Leolko, Ludmila"]
[Black "Mukhina, Jana"]
[Result "0-1"]
[WhiteElo "1899"]
[BlackElo "2025"]
[Annotator "TA"]
[PlyCount "144"]
[EventDate "2020.10.21"]
[EventType "swiss"]
[EventCountry "RUS"]
[SourceTitle "playchess.com"]
[Source "ChessBase"]
[SourceQuality "1"]

{[%evp 12,144,18,0,36,0,33,0,0,0,0,0,0,-19,-23,-43,-33,-38,-29,-31,-30,-30,-32,-27,0,0,0,-11,0,0,0,0,0,0,-10,-64,-54,-201,-193,-339,-358,-355,-351,-339,-255,-268,-263,-281,-266,-241,-198,-204,-101,-119,0,0,0,0,0,0,0,0,0,0,0,0,0,0,0,0,0,0,0,0,0,0,0,0,0,-245,-213,-490,-477,-439,-413,-710,-704,-680,-668,-724,-679,-563,-511,-463,-950,-4564,-564,-1251,-1163,-1261,-1211,-11148,-9735,-29981,-29982,-29982,-972,-2038,-2027,-1520,-1101,-953,-897,-548,0,-29982,-29983,-29983,-29984,-29984,-29982,-29982,-29983,-29987,-29988,-29988,-29987,-29988,-29986,-29986,-29987,-29987,-29986,-29988,-29989]} 1. e4 e5 2. Nf3 Nc6 3. Bc4 Bc5 4. c3 Nf6 5. d3 O-O 6. Nbd2 d6 7. Bb3 Be6 {7...a5 gains popularity. C54: Giuoco Piano: 4 c3 Nf6, main lines with 5 d4 and 5 d3.} 8. O-O h6 9. h3 Qd7 {The position is equal.} 10. Re1 a5 11. Nf1 Bxb3 12. axb3 Rfe8 13. Ng3 d5 14. exd5 Qxd5 {[#]} 15. Qc2 $146 ({Predecessor:} 15. Be3 Bb6 16. Bxb6 cxb6 17. Nf5 Qd7 18. Ne3 Rad8 19. Nc4 Qc7 20. Qe2 e4 21. dxe4 Nxe4 {1-0 (61) Mota,K (1120)-Tejes,S (2067) Mumbai 2019}) 15... Rad8 16. Be3 Bxe3 17. Rxe3 Nd7 18. Rae1 Re6 19. Ne4 Ree8 20. c4 Qe6 21. d4 Qg6 $36 {[%mdl 2048] Black is pushing.} 22. d5 Nd4 23. Nxd4 (23. Qb1 $11) 23... exd4 $15 24. R3e2 (24. Rg3 $15 Qh5 25. Rf3) 24... Ne5 $19 {Strongly threatening ...d3.} 25. Qd1 (25. Rd1 $142) 25... Nf3+ $1 {[%mdl 64] Double Attack} 26. Kh1 Nxe1 27. Qxe1 {intending Nf6+!} f5 28. Nc5 Rxe2 29. Qxe2 {[%mdl 4096] Endgame KQR-KQN} Re8 30. Ne6 c6 31. Qd2 cxd5 (31... Qf6 $1 $19 {has better winning chances. And now ...cxd5 would win.} 32. Nxd4 cxd5 33. cxd5 Rd8 34. Qxa5 b6) 32. cxd5 $17 Rxe6 (32... Qf6 $17 33. f4 Re7) 33. dxe6 $11 Qxe6 34. Qxd4 Qxb3 $19 {KQ-KQ} 35. Qd8+ Kf7 36. Qxa5 Qxb2 37. Qxf5+ Ke7 38. Qc5+ Kd7 39. g4 b5 40. Kg2 b4 41. Qd5+ Ke7 42. Qc5+ Ke6 43. Qc6+ Ke5 44. Qd7 Ke4 45. Qd6 $2 {White is now going downhill.} (45. Qf5+ $11 {and White has nothing to worry.} Kd4 46. Qd7+ Kc5 47. Qc7+ Kd5 48. Qd7+ Kc5 49. Qc7+ Kd5 50. Qd7+ Kc5) 45... Qd4 46. Qf8 $2 (46. Qg6+ {keeps fighting.} Kd5 47. Qa6) 46... Kd3 47. Qf3+ Kd2 48. Qb3 (48. g5 $142 hxg5 49. Qb3) 48... Qc3 49. Qd5+ Kc2 50. Qe4+ Kc1 51. Qf4+ Kb2 52. Qe4 b3 53. Qe2+ Kb1 (53... Kc1 $142 54. g5 b2 55. Qf1+ Kc2 56. Qe2+ Kc1 57. Qf1+ Kc2 58. Qe2+ Kc1) 54. Qe4+ Kc1 55. Qf4+ Kd1 56. Qa4 g5 57. Qd7+ Kc1 58. Qb5 Kd2 (58... b2 $142 59. Qf1+ Kd2 60. Qb5 Qd4 61. Qa5+ Kc2 62. Qa2 Qe4+ 63. Kh2 Qd3 64. h4 Qb3 65. Qa6 b1=Q 66. Qe2+ Kc1 67. hxg5 hxg5 68. Qe1+ Qd1 69. Qc3+ Qbc2 70. Qa3+ {[#]} Kb1 $1 {[%mdl 512]} 71. Qb4+ Kc1 72. Qa3+ Kb1 $1 {[%mdl 512]} 73. Qb4+ Kc1 74. Qa3+) 59. Qd5+ Qd3 60. Qa5+ Kc2 {aiming for ...b2.} 61. Qc5+ Qc3 62. Qf5+ Kc1 (62... Kb2 $19 63. h4 gxh4) 63. Qb5 b2 {Black mates.} 64. Qf1+ Kd2 65. Qb5 Qc2 66. Qb4+ Kd1 67. Qd6+ Kc1 68. Qa3 Qc6+ 69. Kg1 Kc2 70. Qa2 Qb5 71. Kg2 Qb7+ 72. Kg1 Qb3 {Av CentiPawn Loss W=-92/B=388. Weighted=-118/348} 0-1

[Event "Satka Autumn 2020"]
[Site "Satka"]
[Date "2020.10.27"]
[Round "7.1"]
[White "Dubnikova, Anastasia"]
[Black "Afonasieva, Anna"]
[Result "0-1"]
[WhiteElo "2148"]
[BlackElo "2279"]
[Annotator "TA"]
[PlyCount "140"]
[EventDate "2020.10.21"]
[EventType "swiss"]
[EventCountry "RUS"]
[SourceTitle "playchess.com"]
[Source "ChessBase"]
[SourceQuality "1"]

{[%evp 21,140,15,24,3,65,50,51,53,51,4,11,16,25,0,0,0,1,0,0,0,2,0,0,0,2,-16,-10,-58,-41,-44,-49,-114,-102,-118,-131,-193,-155,-154,-159,-169,-95,-91,-78,-105,-89,-231,-96,-283,-281,-268,-231,-231,-231,-238,-235,-285,-193,-333,-177,-200,-197,-191,-194,-194,-194,-204,-191,-230,-208,-354,-349,-2356,-1588,-1983,-2067,-2402,-2132,-1303,-1220,-860,0,-2576,-2875,-2000,-718,-1447,-1238,-843,-650,-12766,-12766,-12759,-12759,-12759,-12759,-12759,-10431,-12759,-12752,-12752,-12749,-12749,-12749,-12297,-10867,-9648,-5593,-10454,-4137,-29979,-29980,-29980,-29981,-29984,-29985,-29986,-29987,-29987,-29988,-29988,-29989]} 1. Nf3 d5 2. c4 c6 3. d4 Nf6 4. Qc2 dxc4 5. Qxc4 Bf5 6. g3 e6 7. Bg2 Be7 8. O-O O-O 9. e3 Nbd7 10. Qe2 c5 11. Nc3 Ne4 12. Nd2 {D23: Queen's Gambit Accepted: 3 Nf3 Nf6 sidelines.} Nd6 (12... Nxd2 $11 13. Bxd2 cxd4 14. exd4 Nf6) 13. dxc5 $14 Nxc5 {Strongly threatening ...Bd3.} 14. e4 {Threatens to win with Rd1.White is slightly better.} Bg6 15. b4 Nd7 {[%cal Bc5d7,Bd7b6,Bb6c4,Bc4b2][%mdl 32]} 16. Bb2 {[#]} Rc8 $146 ({Predecessor:} 16... Qb6 17. a3 Bf6 18. Na4 Qb5 19. Qxb5 Nxb5 20. Bxf6 Nxf6 21. e5 Nd5 22. Rfc1 Rac8 23. Rc5 Rxc5 24. Nxc5 {½-½ (24) Skembris,S (2429)-Kohlweyer,B (2453) Lido Estensi 2002}) 17. Rac1 ({Much worse is} 17. e5 Nxe5 $1 {[%mdl 512]} 18. Qxe5 Bf6 $15) 17... Nb6 18. Rfd1 Qe8 19. a3 Ndc4 20. Nxc4 Nxc4 21. e5 Bh5 $36 {[%mdl 2048] Black has the initiative.} 22. Qxh5 {Hoping for Qe2.} Nxb2 23. Rd2 ({Reject} 23. Bxb7 Rc7 $17) 23... Nc4 24. Rd3 Nxa3 25. Bxb7 Rc7 26. Bg2 (26. Ba6 $15) 26... Bxb4 27. Qd1 Qc8 {[%cal Rb4c3]} 28. Ne2 (28. Na2 $17 {was necessary.} Rxc1 29. Qxc1 Qxc1+ 30. Nxc1) 28... a5 29. Rxc7 Qxc7 30. Nd4 {[#]} Qxe5 (30... Nc4 $1 $19 {[%cal Rc4b2]} 31. Qc2 Rc8) 31. Nc6 $17 Qc5 32. Rd8 g6 {White must now prevent ...Rxd8.} 33. h4 (33. Rd7 $17 {keeps fighting.}) 33... Nb5 (33... Rxd8 $19 {and Black stays clearly on top.} 34. Qxd8+ Kg7) 34. Rxf8+ $2 (34. Rd7 $17) 34... Kxf8 $19 35. h5 Qxh5 36. Qd8+ Kg7 37. Nxa5 Bc5 38. Qd3 Nd4 39. Nc6 (39. Nb3 {was worth a try.} Nxb3 40. Qxb3) 39... Qe2 (39... Nxc6 $142 40. Bxc6 {[#]} Bxf2+ $1 {[%mdl 512]} 41. Kg2 Qe5) 40. Qxe2 Nxe2+ {[%mdl 4096] Endgame KBN-KBN} 41. Kf1 Nc3 42. Ne5 Bd4 43. Nd3 e5 44. Nb4 f5 45. Nd5 (45. Bc6 $142) 45... Ne4 46. Bxe4 $2 (46. Nb4) 46... fxe4 {KB-KN} 47. Nc7 Kf6 48. Kg2 Kf5 49. Ne8 Ke6 50. Nc7+ Kf5 $2 (50... Kf6 $19 {...h5 is the strong threat.} 51. Nd5+ Ke6 52. Nc7+ Kf5) 51. Nd5 $2 {[%mdl 8192]} (51. Ne8 $11) 51... Bc5 52. Nc3 e3 (52... h5 $142 53. g4+ hxg4) 53. fxe3 Bxe3 54. Kf3 Bd4 55. g4+ Kg5 56. Ne4+ Kh4 57. Nf6 h6 58. Ne4 h5 59. gxh5 Kxh5 60. Kg3 Be3 61. Kf3 Bf4 62. Nf6+ Kg5 63. Ne4+ Kh4 64. Nd6 g5 65. Nf5+ Kh3 {Black mates.} 66. Nh6 Bh2 67. Nf7 g4+ 68. Kf2 Bf4 69. Nd6 g3+ 70. Kf3 g2 {Av CentiPawn Loss W=-74/B=-132. Weighted=-43/-88} 0-1

[Event "Satka Autumn 2020"]
[Site "Satka"]
[Date "2020.10.27"]
[Round "7.2"]
[White "Kovanova, Baira"]
[Black "Voit, Daria"]
[Result "0-1"]
[WhiteElo "2324"]
[BlackElo "2343"]
[Annotator "TA"]
[PlyCount "88"]
[EventDate "2020.10.21"]
[EventType "swiss"]
[EventCountry "RUS"]
[SourceTitle "playchess.com"]
[Source "ChessBase"]
[SourceQuality "1"]

{[%evp 11,87,-10,10,0,8,0,4,5,61,31,33,0,21,20,29,42,50,59,61,56,58,62,132,83,75,25,48,57,48,50,73,36,35,0,0,0,0,0,0,-8,-8,-29,-12,-97,-97,-97,-95,-108,-104,-106,-104,-100,-97,-96,-89,-89,-89,-89,-89,-89,-89,-94,-89,-201,-201,-201,-201,-285,-279,-296,-276,-223,-196,-417,-385,-377,-376,-29999]} 1. Nf3 Nf6 2. g3 d5 3. d4 c5 4. c3 e6 5. Bg2 Nc6 6. O-O b6 7. c4 {D02: 1 d4 d5 2 Nf3 sidelines, including 2...Nf6 3 g3 and 2...Nf6 3 Bf4.} Be7 {[#]} 8. cxd5 $146 ({Predecessor:} 8. Nc3 Bb7 9. cxd5 exd5 10. Bg5 h6 11. Bf4 O-O 12. Rc1 a6 13. Re1 Re8 14. h3 Bf8 {½-½ (39) Kirchner,J (1819)-Ikeda,V (2014) Blumenau 2016}) 8... exd5 9. Nc3 {The position is equal.} Be6 (9... O-O $1 $11) 10. Bf4 O-O 11. Rc1 Rc8 12. dxc5 bxc5 13. Ng5 Qd7 14. Nxe6 fxe6 15. Bh3 Rfd8 16. e4 d4 (16... Nd4 $14) 17. Qb3 Kf7 18. e5 c4 19. Qxc4 Nxe5 20. Qe2 Ng6 21. Ne4 (21. Rfe1 {seems wilder.} Nxf4 22. gxf4 Rc6 23. Ne4 d3 24. Ng5+) 21... Nxe4 22. Rxc8 Nxf4 23. gxf4 Rxc8 24. Qxe4 g6 25. Rd1 Bf6 26. Bg2 Rc7 27. h3 (27. Bf1 $11 {keeps the balance.}) 27... Qa4 $17 {White is on the road to losing.} 28. Re1 Qxa2 29. h4 Qxb2 30. Qxe6+ Kg7 {Threatens to win with ...Re7.} 31. Qd6 Rc1 32. Rxc1 Qxc1+ 33. Kh2 Qe1 34. h5 gxh5 ({Much weaker is} 34... Qxf2 $6 {[#]} 35. h6+ $1 {[%mdl 512]} Kf7 36. Qd5+ Ke8 37. Qc6+ Ke7 38. Qc5+ Ke8 39. Qc6+ Kf7 40. Qd5+ Kf8 41. Qa8+ Kf7 42. Qd5+ $11) 35. Qd7+ Kg6 36. Kg3 h4+ 37. Kg4 (37. Kh3 $17 {was forced.}) 37... Qe2+ $19 38. Kh3 h5 39. Kh2 (39. Qxa7 $142 Qg4+ {[%mdl 64] Double Attack} 40. Kh2 Qxf4+ {[%mdl 64] Double Attack} 41. Kg1) 39... Qxf2 40. Qe8+ Kg7 41. Qd7+ Kh6 42. Qd6 $2 (42. Qf5 Qg3+ 43. Kh1 Qe1+ 44. Kh2) 42... Kg6 {( -> ...h3!)} 43. Qb8 {[#]} h3 $1 {[%mdl 64] Decoy} 44. Kxh3 $2 (44. Qe8+ $19 Kg7 45. Qd7+ Kh6 46. Qxh3) 44... Qh4# {Av CentiPawn Loss W=-45/B=-35. Weighted=-42/-27} 0-1

[Event "Satka Autumn 2020"]
[Site "Satka"]
[Date "2020.10.27"]
[Round "7.3"]
[White "Borisova, Ekaterina"]
[Black "Khokhlova, Daria"]
[Result "0-1"]
[WhiteElo "2292"]
[BlackElo "2168"]
[Annotator "TA"]
[PlyCount "78"]
[EventDate "2020.10.21"]
[EventType "swiss"]
[EventCountry "RUS"]
[SourceTitle "playchess.com"]
[Source "ChessBase"]
[SourceQuality "1"]

{[%evp 16,78,54,40,48,45,66,67,79,48,104,110,113,90,81,85,95,40,64,63,68,12,40,-33,-48,-48,-54,-44,44,0,18,0,0,0,0,-185,-185,-183,-192,-184,-194,-172,-129,-130,-136,-124,-104,-124,-111,-222,-222,-268,-216,-242,-242,-246,-261,-449,-454,-783,-761,-1313,-1319,-29995,-29996]} 1. d4 Nf6 2. c4 c5 3. d5 b5 4. cxb5 a6 5. bxa6 d6 6. Nc3 Bxa6 7. Nf3 g6 8. g3 Bg7 9. Bg2 O-O {A58: Benko/Volga Gambit: Lines with 5 bxa6.} 10. O-O Nfd7 11. Qc2 Nb6 {White is slightly better.} 12. Rd1 Bb7 (12... N8d7 $14) 13. e4 $16 Na6 {[#]} 14. Bg5 $146 ({Predecessor:} 14. Bf4 Nb4 15. Qd2 Ba6 16. Bh6 Nd7 17. Bxg7 Kxg7 18. b3 Nd3 19. Na4 Qb8 20. Qc3+ {1-0 (36) Stefansson,H (2549)-Felgaer,R (2569) Mallorca 2004}) 14... h6 15. Bf4 Nb4 16. Qc1 (16. Qb1 $1 $16) 16... g5 $14 17. Bd2 f5 18. a3 (18. h4 $14) 18... fxe4 $11 19. axb4 (19. Nxe4 $14 Nd3 {[%mdl 64] Double Attack} 20. Qb1) 19... Rxa1 $15 20. Qxa1 exf3 21. bxc5 dxc5 ({Better is} 21... fxg2 $15 22. Qa7 Qd7 23. Qxb6 Bd4) 22. Bh3 Nc4 23. Qa7 Qa8 ({Not} 23... Bxd5 24. Bxg5 $1 {[%mdl 512]} Qa8 25. Qxc5 $16) 24. Qxc5 {[%mdl 64] Double Attack} Nxd2 25. Rxd2 $2 {[#]} (25. Be6+ $1 $11 Kh7 26. h3) 25... Bxc3 $1 $40 {[%mdl 128] White is in trouble.} 26. Be6+ {[#]} Kh7 $1 27. Qxe7+ Bg7 28. Rd1 Bc8 29. d6 Bxe6 30. Qxe6 Qe8 31. Qd5 {d7 would now be nice for White.} Qd7 32. Kh1 (32. Rd3 $17 {was called for.}) 32... Bxb2 33. Qe4+ Kh8 34. Qe7 Rf7 35. Qe4 Kg7 36. g4 $2 {[#]} (36. Qd5 {only move.}) 36... Rf4 $1 37. Qc2 (37. Qd5 $142) 37... Bf6 38. h3 {[#]} Rxg4 $1 {[%mdl 512] ( -> ...Rc4!)} 39. Rc1 {[#]} (39. hxg4 Qxg4) 39... Rc4 $1 {[%mdl 576] Discovered Attack. Av CentiPawn Loss W=-90/B=-11. Weighted=-103/-11} 0-1